000 00516nam 22001933 4500
001 202137
010 _a972-747-412-8
021 _b135.159.99
090 _a202137
100 _a20240112d u||y0pory50 ba
200 _aA paixão
_fAlmeida Faria
210 _aLisboa
_cPlaneta
_d1999
215 _a160 p.
_cencadernado
_d21 cm
606 _aLiteratura Portuguesa
_96
675 _a821.134.3-3
_vPT
_zpor
700 _91040
_aFaria
_bAlmeida
_f1943-
801 _aPT
_bBMMN
_gRPC
830 _cAna Falardo
_fAna Falardo
990 _cLIVROS